000 00397nam a2200145 4500
001 122767
003 ES-MaACL
007 t|
008 070214s1941 sp r ||||1| spa d
100 1 _aPuigvert, A.
_994308
245 1 3 _aLa tuberculosis génito-urinaria /
_cA. Puigvert.
260 _aBarcelona :
_bSalvat,
_c1941.
300 _a159 p. :
_bil. ;
_c24 cm.
852 _aES-MaACL
_jE-833
_bR.20174
999 _c122767
_d122767